Arbitragem nas parcerias público-privadas : (Record no. 36)

MARC details
000 -LÍDER
Campo Fixo de Controle 00797cam a2200253 a 4500
001 - NÚMERO DE CONTROLE
Campo de Controle 36
003 - IDENTIFICAÇÃO DO NÚMERO DE CONTROLE
Campo de Controle BR-CuiBMT
005 - DATA E HORA DA ÚLTIMA ATUALIZAÇÃO
Campo de Controle 20231109231056.0
008 - DADOS FIXOS
Dados Fixos 230807s2019 mgb 000 0 por d
020 ## - INTERNATIONAL STANDARD BOOK NUMBER
Nº do ISBN 9788545006466
040 ## - AGÊNCIA CATALOGADORA
Código da Agência Catalogadora BR-CuiBMT
Agência que transcreveu o registro BR-CuiBMT
080 ## - Nº DA CLASSIFICAÇÃO DECIMAL UNIVERSAL
Nº Class. CDU 349.2:347.918
Nº edição CDU 2007
090 ## - NÚMERO DE CHAMADA
Nº classificação 349.2:347.918
Cutter J95a
100 1# - ENTRADA PRINCIPAL -- AUTOR PESSOAL
Nome pessoal Junqueira, André Rodrigues
245 10 - TÍTULO PRINCIPAL
Título principal Arbitragem nas parcerias público-privadas :
Subtítulo um estudo de caso /
Indicação de responsabilidade André Rodrigues Junqueira ; prefácio Gustavo Justino de Oliveira.
260 ## - PUBLICAÇÃO, DISTRIBUIÇÃO, ETC.
Local de publicação Belo Horizonte :
Editora Fórum,
Data 2019.
300 ## - DESCRIÇÃO FÍSICA
N. páginas ou volumes 306 p. ;
Dimensões 22 cm
504 ## - NOTA DE BIBLIOGRAFIA, ETC.
Nota de bibliografia Inclui bibliografia.
650 ## - ASSUNTO TÓPICO
Cabeçalho tópico ou nome geográfico Parcerias público-privadas
650 ## - ASSUNTO TÓPICO
Cabeçalho tópico ou nome geográfico Arbitragem (Direito)
650 ## - ASSUNTO TÓPICO
Cabeçalho tópico ou nome geográfico Direito administrativo
650 ## - ASSUNTO TÓPICO
Cabeçalho tópico ou nome geográfico Direito público
942 ## - ELEMENTOS DE ENTRADA ADICIONAIS (KOHA)
Fonte de classificação ou esquema de arquivamento Classificação Decimal Universal
Tipo de item do Koha Livros
Holdings
Estado: removido Estado: perdido Fonte de classificação ou esquema de arquivamento Estado: danificado Indisponível para empréstimo Localização permanente Localização atual Data de aquisição Total Checkouts Número de Chamada completo Código de barras Date last seen Número do exemplar Preço efetivo a partir de Tipo de item (Koha)
    Classificação Decimal Universal     Biblioteca da Escola Superior de Contas do TCE/MT Biblioteca da Escola Superior de Contas do TCE/MT 28/07/2023   349.2:347.918 J95a BIBTCEMT23080012 07/08/2023 Ex. 1 07/08/2023 Livros

Powered by Koha